Les Aventures de la Dialectique / (Record no. 41570)

MARC details
000 -LEADER
fixed length control field 00613nam a22001937a 4500
005 - DATE AND TIME OF LATEST TRANSACTION
control field 20201103191138.0
008 - FIXED-LENGTH DATA ELEMENTS--GENERAL INFORMATION
fixed length control field 130913t fr||||| |||| 00| 0 fre d
020 ## - INTERNATIONAL STANDARD BOOK NUMBER
International Standard Book Number 2070413373
050 04 - LIBRARY OF CONGRESS CALL NUMBER
Classification number B809.7.A3
Item number M47 1955
100 1# - MAIN ENTRY--PERSONAL NAME
Personal name Merleau-Ponty, Maurice
245 14 - TITLE STATEMENT
Title Les Aventures de la Dialectique /
Statement of responsibility, etc Maurice Merleau-ponty
250 ## - EDITION STATEMENT
Edition statement Primera Edición: 2000
260 ## - PUBLICATION, DISTRIBUTION, ETC. (IMPRINT)
Place of publication, distribution, etc France :
Name of publisher, distributor, etc Gallimard,
Date of publication, distribution, etc 1955
300 ## - PHYSICAL DESCRIPTION
Extent 322 paginas,
Dimensions 18 X 11 centimetros.
504 ## - BIBLIOGRAPHY, ETC. NOTE
Bibliography, etc Incluye: Preface, Epilogue.
600 ## - SUBJECT ADDED ENTRY--PERSONAL NAME
Personal name Carlos Marx
Dates associated with a name 1818-1883
650 #7 - SUBJECT ADDED ENTRY--TOPICAL TERM
Source of heading or term Lemb
Topical term or geographic name as entry element Filosofía
General subdivision Materialismo Historico
942 ## - ADDED ENTRY ELEMENTS (KOHA)
Source of classification or shelving scheme Clasificación Decimal Dewey
Koha item type Libro
Holdings
Estado de pérdida Fuente de clasificación Estado del daño No para préstamo Ubicación permanente Ubicación actual Apartado o colección Fecha de adquisición Edición Área del conocimiento Clasificación Código de Barras Date last seen Número de copia Costo por reposición Tipo de recurso Fuente de adquisición Dependencia de educación superior (DES) Total Checkouts
  Biblioteca del Cogreso de los Estados Unidos     Biblioteca de la Facultad de Filosofía Biblioteca de la Facultad de Filosofía General 13/09/2013 1a ed. Educación y Humanidades B 809.7.A3 M47 1955 BFF000001750 16/01/2015 C: 1 1.00 Libro      
  Biblioteca del Cogreso de los Estados Unidos   Consulta Biblioteca de la Facultad de Filosofía Biblioteca de la Facultad de Filosofía Fondo "Luis Villoro" 19/09/2022 10a ed. Educación y Humanidades B809.7.A3 M47 1955 BFF000038161 19/09/2022 C:1 1.00 Libro Donación Humanidades